Abschiedsbriefe : eine Krimi-Parodie /

Hlavní autor: Nemec, Paolo
Další autoři: Beránková, Marie, 1977-
Jazyk: Němčina
Vydáno: Olomouc : Vydavatelství Univerzity Palackého, 2000
Vydání: 1. vyd.
Témata:
Fyzický popis: 211 s. : il. ; 18 cm
Knihy
Uloženo v:
LEADER 01119nam a2200325 a 4500
001 000483543
003 CZ BrMZK
005 20070402135458.0
007 ta
008 000115s2000 xr g f ger d
015 |a cnb000974282 
020 |a 80-244-0087-1 
035 |a (OCoLC)85004715 
040 |a BOA001  |b cze 
072 7 |a 821.112.2-3  |x Německá próza, německy psaná  |2 Konspekt  |9 25 
080 |a 821.112.2-31  |2 MRF 
080 |a (0:82-312.4)  |2 MRF 
080 |a (0:82-7)  |2 MRF 
100 1 |a Nemec, Paolo  |7 jn20001227211  |4 aut 
245 1 0 |a Abschiedsbriefe :  |b eine Krimi-Parodie /  |c Paolo Nemec ; [ilustrace Marie Beránková] 
250 |a 1. vyd. 
260 |a Olomouc :  |b Vydavatelství Univerzity Palackého,  |c 2000 
300 |a 211 s. :  |b il. ;  |c 18 cm 
655 7 |a německé romány  |7 fd132945  |2 czenas 
655 7 |a detektivní romány  |7 fd132010  |2 czenas 
655 7 |a parodie  |7 fd133004  |2 czenas 
700 1 |a Beránková, Marie,  |d 1977-  |7 xx0048547  |4 ill 
910 |a BOA001  |b 1-1074.175 
990 |a BK 
996 6 |b 2610116999  |c 1-1074.175  |l MZK  |r Sklad / do 1 hodiny  |n 3  |p p.v.  |w 000483543  |u 000010  |a 1  |e BOA001  |j MZK50  |s P